[Event "Montreal zt (Women)"]
[Site "Montreal"]
[Date "2017.12.30"]
[Round "7"]
[White "Matras Clement, Agnieszka"]
[Black "Khoudgarian, Natalia"]
[Result "1-0"]
[WhiteElo "2260"]
[BlackElo "2100"]
[PlyCount "75"]
[EventDate "2017.12.26"]
[EventType "tourn"]
[EventRounds "9"]
[EventCountry "CAN"]
[SourceTitle "CBM 182 Extra"]
[Source "ChessBase"]
[SourceDate "2018.02.23"]
[SourceVersion "1"]
[SourceVersionDate "2018.02.23"]
[SourceQuality "1"]

1. e4 e6 2. d4 d5 3. Nd2 Nf6 4. e5 Nfd7 5. Bd3 c5 6. c3 Nc6 7. Ne2 cxd4 8. cxd4 f6 9. exf6 Nxf6 10. 0-0 Bd6 11. Nf3 Qb6 12. Bf4 Bxf4 13. Nxf4 0-0 14. Rb1 Ne4 15. Ne2 e5 16. Bxe4 dxe4 17. Nxe5 Nxe5 18. dxe5 Bg4 19. Qd5+ Kh8 20. Ng3 Be6 21. Qxe4 Bxa2 22. Rbd1 Rac8 23. Rd7 Qe6 24. Rd6 Qb3 25. e6 Qxb2 26. e7 Rfe8 27. Rd7 b5 28. Nf5 Rc1 29. Rdd1 Rxd1 30. Rxd1 Qf6 31. h3 h6 32. Rd6 Qc3 33. g3 Qc1+ 34. Kg2 Bb1 35. Qe5 Bxf5 36. Qxf5 Qc4 37. Qf8+ Qg8 38. Qxe8 1-0

[Event "Montreal op"]
[Site "Montreal"]
[Date "2016.09.10"]
[Round "2"]
[White "Khoudgarian, Natalia"]
[Black "Roussel Roozmon, Thomas"]
[Result "0-1"]
[WhiteElo "2116"]
[BlackElo "2454"]
[PlyCount "104"]
[EventDate "2016.09.09"]
[EventType "swiss"]
[EventRounds "5"]
[EventCountry "CAN"]
[SourceTitle "CBM 174 Extra"]
[Source "ChessBase"]
[SourceDate "2016.10.10"]
[SourceVersion "1"]
[SourceVersionDate "2016.10.10"]
[SourceQuality "1"]

1. e4 g6 2. d4 Bg7 3. c3 d6 4. f4 Nf6 5. Bd3 0-0 6. Nf3 c5 7. 0-0 cxd4 8. cxd4 Nc6 9. Nc3 Bg4 10. Be3 e5 11. Be2 exf4 12. Bxf4 Re8 13. h3 Bxf3 14. Bxf3 Qb6 15. Rf2 Qxd4 16. Nb5 Qxd1+ 17. Rxd1 Nxe4 18. Re2 Nc5 19. Rxe8+ Rxe8 20. Nxd6 Rd8 21. Rd2 Ne5 22. b4 Nxf3+ 23. gxf3 Ne6 24. Nxb7 Rd4 25. Be3 Rxb4 26. Nd8 Bd4 27. Bxd4 Rxd4 28. Rxd4 Nxd4 29. Kf2 Kf8 30. Ke3 Ke7 31. Nb7 Nb5 32. a4 Nc3 33. a5 Kd7 34. h4 Kc7 35. Nc5 Kc6 36. Kd4 Nb5+ 37. Kc4 Nd6+ 38. Kb4 Nf5 39. Ne4 Nxh4 40. Ng5 h5 41. f4 Ng2 42. f5 gxf5 43. Nxf7 h4 44. Ne5+ Kd5 45. Nf3 a6 46. Ng1 Nf4 47. Nf3 h3 48. Nh2 Nd3+ 49. Kc3 Ne5 50. Nf1 Ng4 51. Ng3 f4 52. Nh1 Ke4 0-1

[Event "Olympiad Women-41"]
[Site "Tromsoe"]
[Date "2014.08.12"]
[Round "10.2"]
[White "Khoudgarian, Natalia"]
[Black "Exler, Veronika"]
[Result "0-1"]
[WhiteElo "2136"]
[BlackElo "2189"]
[PlyCount "100"]
[EventDate "2014.08.02"]
[EventType "team-swiss"]
[EventRounds "11"]
[EventCountry "NOR"]
[SourceTitle "CBM 162"]
[Source "ChessBase"]
[SourceDate "2014.09.17"]
[SourceVersion "1"]
[SourceVersionDate "2014.09.17"]
[SourceQuality "1"]
[WhiteTeam "Canada (W)"]
[BlackTeam "Austria (W)"]
[WhiteTeamCountry "CAN"]
[BlackTeamCountry "AUT"]

1. e4 e5 2. Nf3 Nc6 3. Nc3 Nf6 4. d4 exd4 5. Nxd4 Bb4 6. Nxc6 bxc6 7. Bd3 d5 8. exd5 cxd5 9. 0-0 0-0 10. h3 Rb8 11. Bg5 c6 12. Qf3 Re8 13. Bxf6 Qxf6 14. Qxf6 gxf6 15. Ne2 Bd6 16. b3 c5 17. c4 d4 18. Ng3 Bxg3 19. fxg3 Kg7 20. Rae1 Bb7 21. Rxe8 Rxe8 22. Kf2 Re3 23. Rd1 a5 24. Bf5 h6 25. Rd2 Kf8 26. Rd3 Re5 27. g4 Ke7 28. Rd2 Kd6 29. Bd3 Re3 30. Bf5 Bc6 31. Rd3 Re7 32. a3 Rb7 33. a4 Ke5 34. Bc8 Be4 35. Bxb7 Bxd3 36. Bc6 Bc2 37. Ke2 Kf4 38. b4 cxb4 39. c5 Ke5 40. Kd2 Bb3 41. g3 Bd5 42. Bb5 Bg2 43. h4 Kd5 44. c6 Kd6 45. Kd3 Bxc6 46. Bc4 Kc5 47. Bb3 Bd7 48. Bxf7 Bxa4 49. g5 fxg5 50. h5 Bc6 0-1

[Event "Olympiad Women-41"]
[Site "Tromsoe"]
[Date "2014.08.05"]
[Round "4.2"]
[White "Kolaric, Spela"]
[Black "Khoudgarian, Natalia"]
[Result "1-0"]
[WhiteElo "2043"]
[BlackElo "2136"]
[PlyCount "77"]
[EventDate "2014.08.02"]
[EventType "team-swiss"]
[EventRounds "11"]
[EventCountry "NOR"]
[SourceTitle "CBM 162"]
[Source "ChessBase"]
[SourceDate "2014.09.17"]
[SourceVersion "1"]
[SourceVersionDate "2014.09.17"]
[SourceQuality "1"]
[WhiteTeam "Slovenia (W)"]
[BlackTeam "Canada (W)"]
[WhiteTeamCountry "SLO"]
[BlackTeamCountry "CAN"]

1. d4 e6 2. Nf3 f5 3. g3 Nf6 4. Bg2 c6 5. 0-0 d5 6. c4 Bd6 7. Nc3 0-0 8. Qc2 Ne4 9. Rb1 Nd7 10. b4 Qe7 11. b5 Nxc3 12. Qxc3 cxb5 13. c5 Bc7 14. Rxb5 b6 15. Ba3 Ba6 16. Rb2 bxc5 17. dxc5 Qf6 18. Qxf6 Nxf6 19. Nd4 Be5 20. Rd1 Rfc8 21. e3 Kf7 22. f3 Nd7 23. Rc2 Rab8 24. e4 Bc4 25. exd5 exd5 26. Nxf5 Nf6 27. Nd6+ Bxd6 28. cxd6 Rb5 29. Bf1 Ra5 30. Rc3 Nd7 31. Bh3 Rd8 32. Re1 Nc5 33. Re7+ Kg6 34. Bxc5 Rxc5 35. Rc7 Rb5 36. d7 Rb1+ 37. Kf2 Bb5 38. R3c5 d4 39. Bf5+ 1-0

[Event "World-ch (Women) k.o."]
[Site "Khanty-Mansiysk"]
[Date "2012.11.12"]
[Round "1.2"]
[White "Zhao, Xue"]
[Black "Khoudgarian, Natalia"]
[Result "1-0"]
[WhiteElo "2565"]
[BlackElo "2138"]
[PlyCount "81"]
[EventDate "2012.11.11"]
[EventType "k.o."]
[EventRounds "6"]
[EventCountry "RUS"]
[SourceTitle "CBM 152"]
[Source "ChessBase"]
[SourceDate "2013.01.15"]
[SourceVersion "1"]
[SourceVersionDate "2013.01.15"]
[SourceQuality "1"]

1. c4 c6 2. Nf3 Nf6 3. d4 d5 4. e3 a6 5. Nc3 b5 6. b3 Bg4 7. Bd2 Nbd7 8. h3 Bxf3 9. Qxf3 e6 10. Bd3 bxc4 11. bxc4 Bb4 12. 0-0 c5 13. cxd5 cxd4 14. exd4 Bxc3 15. Bxc3 Nxd5 16. Bd2 0-0 17. Rab1 N7f6 18. Rb7 Qd6 19. Rfb1 Rfb8 20. Qg3 Qxg3 21. fxg3 Rxb7 22. Rxb7 h6 23. a4 Kf8 24. Kf2 Ne8 25. Ba5 Nd6 26. Rd7 Nc8 27. Rd8+ Ke7 28. Rg8 g6 29. g4 Kd7 30. Bd2 Ra7 31. Bxh6 Nd6 32. Rb8 Nc3 33. a5 Ncb5 34. h4 Nxd4 35. Be3 e5 36. h5 gxh5 37. gxh5 f5 38. g4 Ke6 39. g5 f4 40. Bxd4 exd4 41. h6 1-0

[Event "Olympiad Women-40"]
[Site "Istanbul"]
[Date "2012.09.09"]
[Round "11.1"]
[White "Khoudgarian, Natalia"]
[Black "Abarca Gonzalez, Damaris"]
[Result "0-1"]
[WhiteElo "2158"]
[BlackElo "2024"]
[PlyCount "46"]
[EventDate "2012.08.28"]
[EventType "team-swiss"]
[EventRounds "11"]
[EventCountry "TUR"]
[SourceTitle "CBM 150 Extra"]
[Source "ChessBase"]
[SourceDate "2012.10.19"]
[SourceVersion "1"]
[SourceVersionDate "2012.10.19"]
[SourceQuality "1"]
[WhiteTeam "Canada (W)"]
[BlackTeam "Chile (W)"]
[WhiteTeamCountry "CAN"]
[BlackTeamCountry "CHI"]

1. e4 e5 2. Nf3 Nc6 3. Nc3 Nf6 4. d4 exd4 5. Nxd4 Bb4 6. Nxc6 bxc6 7. Bd3 d5 8. exd5 cxd5 9. 0-0 0-0 10. Bg5 c6 11. Qf3 Be7 12. Rfe1 Rb8 13. Qe3 Be6 14. Qxa7 Qd6 15. Qd4 Rb4 16. Qe5 Qd8 17. a3 Rb7 18. Bf4 Ng4 19. Qh5 g6 20. Qh3 Nxf2 21. Qg3 Bh4 22. Bg5 Bxg3 23. Bxd8 Nxd3 0-1

[Event "Olympiad Women-40"]
[Site "Istanbul"]
[Date "2012.09.03"]
[Round "6.1"]
[White "Khoudgarian, Natalia"]
[Black "Zatonskih, Anna"]
[Result "0-1"]
[WhiteElo "2158"]
[BlackElo "2512"]
[PlyCount "70"]
[EventDate "2012.08.28"]
[EventType "team-swiss"]
[EventRounds "11"]
[EventCountry "TUR"]
[SourceTitle "CBM 150 Extra"]
[Source "ChessBase"]
[SourceDate "2012.10.19"]
[SourceVersion "1"]
[SourceVersionDate "2012.10.19"]
[SourceQuality "1"]
[WhiteTeam "Canada (W)"]
[BlackTeam "United States (W)"]
[WhiteTeamCountry "CAN"]
[BlackTeamCountry "USA"]

1. e4 e6 2. d4 d5 3. Nd2 c5 4. exd5 exd5 5. Ngf3 Nc6 6. Bb5 cxd4 7. Nb3 Bd6 8. 0-0 Nge7 9. Nbxd4 0-0 10. Bg5 Qc7 11. Bxe7 Bxe7 12. Re1 Bf6 13. c3 Bg4 14. Qd3 Rfd8 15. Re3 a6 16. Bxc6 bxc6 17. Rae1 c5 18. Nf5 Bxf5 19. Qxf5 d4 20. cxd4 cxd4 21. Re4 d3 22. Ng5 Bxg5 23. Qxg5 h6 24. Qd2 Rac8 25. Rd1 Qd6 26. g3 Rc2 27. Qe3 Kh7 28. Re8 Rxe8 29. Qxe8 Qd5 30. Qe3 d2 31. Kf1 Rxb2 32. a3 Rb8 33. Rxd2 Rb1+ 34. Ke2 Qh5+ 35. Qf3 Re1+ 0-1

[Event "CAN-ch (Women)"]
[Site "Montreal"]
[Date "2012.08.06"]
[Round "4"]
[White "Shi, Ling Yun"]
[Black "Khoudgarian, Natalia"]
[Result "0-1"]
[WhiteElo "1362"]
[BlackElo "2158"]
[PlyCount "72"]
[EventDate "2012.08.05"]
[EventType "swiss"]
[EventRounds "9"]
[EventCountry "CAN"]
[SourceTitle "EXT 2022"]
[Source "ChessBase"]
[SourceDate "2021.10.06"]
[SourceVersion "1"]
[SourceVersionDate "2021.10.06"]
[SourceQuality "1"]

1. e4 e6 2. d4 d5 3. e5 c5 4. c3 Nc6 5. Nf3 Nge7 6. Bd3 Nf5 7. Bxf5 exf5 8. 0-0 Be6 9. Re1 Be7 10. Nbd2 b6 11. Nf1 0-0 12. Ng3 g5 13. Kh1 f4 14. Ne2 Bg4 15. Nfg1 f6 16. exf6 Bxf6 17. f3 Bf5 18. a3 a5 19. b3 Qd7 20. Ra2 Rae8 21. Rd2 c4 22. bxc4 dxc4 23. Rb2 b5 24. Bd2 b4 25. axb4 axb4 26. cxb4 Nxd4 27. Bc3 Nxe2 28. Nxe2 Qxd1 29. Rxd1 Rd8 30. Rxd8 Bxd8 31. Nd4 Bd3 32. Ne6 Bf6 33. Bxf6 Rxf6 34. Nd4 c3 35. Ra2 Rd6 36. Nb3 Bc4 0-1

[Event "Olympiad Women-38"]
[Site "Dresden"]
[Date "2008.11.22"]
[Round "9"]
[White "Sanchez Castillo, Sarai Carolina"]
[Black "Khoudgarian, Natalia"]
[Result "1-0"]
[WhiteElo "2206"]
[BlackElo "2149"]
[PlyCount "71"]
[EventDate "2008.11.13"]
[EventType "team-swiss"]
[EventRounds "11"]
[EventCountry "GER"]
[SourceTitle "CBM 128"]
[Source "ChessBase"]
[SourceDate "2009.01.28"]
[SourceVersion "1"]
[SourceVersionDate "2009.01.28"]
[SourceQuality "1"]
[WhiteTeam "Venezuela (W)"]
[BlackTeam "Canada (W)"]
[WhiteTeamCountry "VEN"]
[BlackTeamCountry "CAN"]

1. e4 e6 2. d4 d5 3. Nc3 Bb4 4. exd5 exd5 5. Bd3 Nc6 6. a3 Bxc3+ 7. bxc3 Nge7 8. Qh5 Be6 9. Rb1 b6 10. Nf3 Qd7 11. Ng5 0-0-0 12. 0-0 Bg4 13. Qh4 Ng6 14. Qg3 Bf5 15. Bb5 Kb7 16. Rb2 f6 17. Nf3 h5 18. h4 Qd6 19. Ne1 a6 20. Ba4 Na5 21. Nd3 Nc4 22. Rb4 Bg4 23. Nf4 Ne7 24. f3 Bf5 25. Re1 g5 26. hxg5 h4 27. Qf2 fxg5 28. Nxd5 Nxd5 29. Rxc4 b5 30. Rc5 c6 31. c4 bxa4 32. cxd5 cxd5 33. Bxg5 Rdg8 34. Qd2 h3 35. Qb4+ Qb6 36. Re7+ 1-0

[Event "Olympiad Women-37"]
[Site "Turin"]
[Date "2006.05.22"]
[Round "2"]
[White "Fierro Baquero, Martha Lorena"]
[Black "Khoudgarian, Natalia"]
[Result "1-0"]
[WhiteElo "2294"]
[BlackElo "2123"]
[PlyCount "55"]
[EventDate "2006.05.21"]
[EventType "team-swiss"]
[EventRounds "13"]
[EventCountry "ITA"]
[SourceTitle "CBM 112 Extra"]
[Source "ChessBase"]
[SourceDate "2006.07.14"]
[SourceVersion "1"]
[SourceVersionDate "2006.07.14"]
[SourceQuality "1"]
[WhiteTeam "Ecuador (W)"]
[BlackTeam "Canada (W)"]
[WhiteTeamCountry "ECU"]
[BlackTeamCountry "CAN"]

1. e4 e6 2. d4 d5 3. Nd2 Nf6 4. e5 Nfd7 5. c3 c5 6. Bd3 Nc6 7. Ne2 cxd4 8. cxd4 f6 9. exf6 Nxf6 10. 0-0 Bd6 11. f4 0-0 12. Nf3 Qb6 13. Kh1 Kh8 14. Nc3 Bd7 15. a3 Rae8 16. Ne5 a6 17. Be3 Na7 18. Rf3 Bb5 19. Nxb5 Nxb5 20. Rh3 h6 21. Ng6+ Kg8 22. Nxf8 Rxf8 23. f5 Nxd4 24. fxe6 Be5 25. Rh4 Kh8 26. e7 Re8 27. Bg6 Rxe7 28. Bxd4 1-0

[Event "World-ch (Women) k.o."]
[Site "Ekaterinburg"]
[Date "2006.03.12"]
[Round "1.2"]
[White "Khoudgarian, Natalia"]
[Black "Kosteniuk, Alexandra"]
[Result "0-1"]
[WhiteElo "2106"]
[BlackElo "2514"]
[PlyCount "50"]
[EventDate "2006.03.11"]
[EventType "k.o."]
[EventRounds "6"]
[EventCountry "RUS"]
[SourceTitle "CBM 111 Extra"]
[Source "ChessBase"]
[SourceDate "2006.05.09"]
[SourceVersion "1"]
[SourceVersionDate "2006.05.09"]
[SourceQuality "1"]

1. e4 c5 2. Nf3 d6 3. c3 Nf6 4. Bd3 Bg4 5. 0-0 Nc6 6. Re1 e5 7. Na3 Be7 8. Nc4 d5 9. Ne3 Bxf3 10. Qxf3 dxe4 11. Bxe4 Nxe4 12. Qxe4 0-0 13. Nf5 Bf6 14. Re3 g6 15. Nh6+ Kg7 16. Rh3 Bg5 17. d3 f5 18. Qc4 f4 19. Qxc5 Bxh6 20. b4 Qe7 21. Qd5 Nd8 22. Bb2 Nf7 23. Re1 Rad8 24. Qb5 Qd7 25. Qc5 b6 0-1

[Event "Hamilton Van der Wel Memorial"]
[Site "Hamilton"]
[Date "1996.05.04"]
[Round "3"]
[White "Fiedler, Brian"]
[Black "Khoudgarian, Natalia"]
[Result "1/2-1/2"]
[WhiteElo "2251"]
[BlackElo "2229"]
[PlyCount "95"]
[EventDate "1996.05.03"]
[EventType "swiss"]
[EventRounds "5"]
[EventCountry "CAN"]
[SourceTitle "EXT 2022"]
[Source "ChessBase"]
[SourceDate "2021.10.06"]
[SourceVersion "1"]
[SourceVersionDate "2021.10.06"]
[SourceQuality "1"]

1. e4 e6 2. d4 d5 3. Nc3 Bb4 4. e5 Qd7 5. Qg4 f5 6. Qg3 b6 7. a3 Bf8 8. Bb5 c6 9. Ba4 Bb7 10. Nce2 Na6 11. h4 0-0-0 12. Nf3 Nh6 13. Nf4 Nf7 14. h5 Be7 15. c3 Rdg8 16. Bc2 Nc7 17. Bd2 Kb8 18. 0-0-0 Ka8 19. Rde1 Qd8 20. Rh2 Bc8 21. Reh1 c5 22. Kb1 c4 23. Nh3 g5 24. hxg6 Rxg6 25. Qf4 Rhg8 26. g3 h6 27. Qe3 Bd7 28. Nf4 Rg4 29. Qe2 Qe8 30. Ng2 Ba4 31. Bxh6 Nxh6 32. Rxh6 Bxa3 33. bxa3 Nb5 34. Bxa4 Nxc3+ 35. Ka1 Qxa4 36. Qb2 Nd1 37. Qb4 Qc2 38. Qd2 Qxd2 39. Nxd2 Nxf2 40. Rf1 Nd3 41. Nf4 Rxg3 42. Nxe6 Rg2 43. Nb1 Rc2 44. Nc7+ Kb7 45. Nxd5 Rgg2 46. Nbc3 Nc1 47. Rh7+ Kb8 48. Rh8+ 1/2-1/2